Bí quyết kiếm tiền trong thời đại mới 2005 - 2010 = What makes money from 2005 - 2010
Gespeichert in:
| 1. Verfasser: | |
|---|---|
| Format: | Buch |
| Sprache: | Undetermined |
| Veröffentlicht: |
Hà Nội
Thế giới
2005
|
| Schlagworte: | |
| Tags: |
Tag hinzufügen
Keine Tags, Fügen Sie den ersten Tag hinzu!
|
| Thư viện lưu trữ: | Trung tâm Học liệu Trường Đại học Cần Thơ |
|---|
| LEADER | 00600nam a2200205Ia 4500 | ||
|---|---|---|---|
| 001 | CTU_95245 | ||
| 008 | 210402s9999 xx 000 0 und d | ||
| 020 | |c 35000 | ||
| 082 | |a 650.12 | ||
| 082 | |b Th107 | ||
| 100 | |a Thanh Hằng | ||
| 245 | 0 | |a Bí quyết kiếm tiền trong thời đại mới 2005 - 2010 = | |
| 245 | 0 | |b What makes money from 2005 - 2010 | |
| 245 | 0 | |c Thanh Hằng | |
| 260 | |a Hà Nội | ||
| 260 | |b Thế giới | ||
| 260 | |c 2005 | ||
| 650 | |a Success in business | ||
| 904 | |i Mai Loan | ||
| 980 | |a Trung tâm Học liệu Trường Đại học Cần Thơ | ||